NBA Leaders Regular Season - Statistiken

Allgemein
  • Dieses Quiz wurde 90 mal gespielt
    78 seit der letzten Aktualisierung
  • Das Durchschnittsergebnis liegt bei 78 aus 130
Antwortstatistiken
Saison Scorer Team % Korrekt
2025/26 Luka Doncic Los Angeles Lakers
98%
2023/24 Luka Doncic Dallas Mavericks
98%
2019/20 James Harden Houston Rockets
97%
2018/19 James Harden Houston Rockets
97%
2017/18 James Harden Houston Rockets
97%
2022/23 James Harden Philadelphia 76ers
97%
2016/17 James Harden Houston Rockets
97%
2013/14 Kevin Durant Oklahoma City Thunder
95%
2011/12 Kevin Durant Oklahoma City Thunder
95%
2010/11 Kevin Durant Oklahoma City Thunder
95%
2009/10 Kevin Durant Oklahoma City Thunder
95%
2006/07 Kobe Bryant Los Angeles Lakers
95%
2005/06 Kobe Bryant Los Angeles Lakers
95%
2007/08 LeBron James Cleveland Cavaliers
95%
2019/20 LeBron James Los Angeles Lakers
95%
2025/26 Nikola Jokic Denver Nuggets
95%
2025/26 Nikola Jokic Denver Nuggets
95%
2020/21 Stephen Curry Golden State Warriors
95%
2015/16 Stephen Curry Golden State Warriors
95%
2015/16 Stephen Curry Golden State Warriors
95%
2016/17 Russell Westbrook Oklahoma City Thunder
94%
2014/15 Russell Westbrook Oklahoma City Thunder
94%
2020/21 Russell Westbrook Oklahoma City Thunder
94%
2018/19 Russell Westbrook Oklahoma City Thunder
94%
2017/18 Russell Westbrook Oklahoma City Thunder
94%
2024/25 Shai Gilgeous-Alexander Oklahoma City Thunder
94%
2022/23 Joel Embiid Philadelphia 76ers
91%
2021/22 Joel Embiid Philadelphia 76ers
91%
2025/26 Victor Wembanyama San Antonio Spurs
88%
2024/25 Victor Wembanyama San Antonio Spurs
88%
2023/24 Victor Wembanyama San Antonio Spurs
88%
2004/05 Allen Iverson Philadelphia 76ers
85%
2001/02 Allen Iverson Philadelphia 76ers
85%
2000/01 Allen Iverson Philadelphia 76ers
85%
2002/03 Allen Iverson Philadelphia 76ers
85%
2001/02 Allen Iverson Philadelphia 76ers
85%
2000/01 Allen Iverson Philadelphia 76ers
85%
2008/09 Dwayne Wade Miami Heat
80%
2012/13 Carmelo Anthony New York Knicks
77%
2023/24 Tyrese Haliburton Indiana Pacers
75%
2021/22 Chris Paul Phoenix Suns
74%
2014/15 Chris Paul Los Angeles Clippers
74%
2013/14 Chris Paul Los Angeles Clippers
74%
2008/09 Chris Paul New Orleans Hornets
74%
2007/08 Chris Paul New Orleans Hornets
74%
2013/14 Chris Paul Los Angeles Clippers
74%
2012/13 Chris Paul Los Angeles Clippers
74%
2011/12 Chris Paul Los Angeles Clippers
74%
2010/11 Chris Paul New Orleans Hornets
74%
2008/09 Chris Paul New Orleans Hornets
74%
2007/08 Chris Paul New Orleans Hornets
74%
2024/25 Trae Young Atlanta Hawks
72%
2012/13 Dwight Howard Los Angeles Lakers
68%
2011/12 Dwight Howard Orlando Magic
68%
2009/10 Dwight Howard Orlando Magic
68%
2008/09 Dwight Howard Orlando Magic
68%
2007/08 Dwight Howard Orlando Magic
68%
2009/10 Dwight Howard Orlando Magic
68%
2008/09 Dwight Howard Orlando Magic
68%
2021/22 Rudy Gobert Utah Jazz
68%
2016/17 Rudy Gobert Utah Jazz
68%
2022/23 Jaren Jackson Jr. Memphis Grizzlies
66%
2021/22 Jaren Jackson Jr. Memphis Grizzlies
66%
2024/25 Domantas Sabonis Sacramento Kings
65%
2023/24 Domantas Sabonis Sacramento Kings
65%
2022/23 Domantas Sabonis Sacramento Kings
65%
2006/07 Kevin Garnett Minnesota Timberwolves
62%
2005/06 Kevin Garnett Minnesota Timberwolves
62%
2004/05 Kevin Garnett Minnesota Timberwolves
62%
2003/04 Kevin Garnett Minnesota Timberwolves
62%
2010/11 Steve Nash Phoenix Suns
62%
2009/10 Steve Nash Phoenix Suns
62%
2006/07 Steve Nash Phoenix Suns
62%
2005/06 Steve Nash Phoenix Suns
62%
2004/05 Steve Nash Phoenix Suns
62%
2014/15 DeAndre Jordan Los Angeles Clippers
57%
2013/14 DeAndre Jordan Los Angeles Clippers
57%
2017/18 Anthony Davis New Orleans Pelicans
55%
2014/15 Anthony Davis New Orleans Pelicans
55%
2013/14 Anthony Davis New Orleans Pelicans
55%
2025/26 Ausar Thompson Detroit Pistons
54%
2003/04 Jason Kidd New Jersey Nets
52%
2002/03 Jason Kidd New Jersey Nets
52%
2000/01 Jason Kidd Phoenix Suns
52%
2006/07 Baron Davis Golden State Warriors
49%
2003/04 Baron Davis New Orleans Hornets
49%
2014/15 Kawhi Leonard San Antonio Spurs
49%
2015/16 Rajon Rondo Sacramento Kings
49%
2012/13 Rajon Rondo Boston Celtics
49%
2011/12 Rajon Rondo Boston Celtics
49%
2009/10 Rajon Rondo Boston Celtics
49%
2002/03 Ben Wallace Detroit Pistons
46%
2001/02 Ben Wallace Detroit Pistons
46%
2001/02 Ben Wallace Detroit Pistons
46%
2023/24 De'Aaron Fox Sacramento Kings
45%
2003/04 Tracy McGrady Orlando Magic
45%
2002/03 Tracy McGrady Orlando Magic
45%
2005/06 Gerald Wallace Charlotte Bobcats
43%
2020/21 Miles Turner Indiana Pacers
43%
2018/19 Miles Turner Indiana Pacers
43%
2016/17 Draymond Green Golden State Warriors
40%
2020/21 Jimmy Butler Miami Heat
38%
2010/11 Kevin Love Minnesota Timberwolves
38%
2020/21 Clint Capela Atlanta Hawks
37%
2012/13 Serge Ibaka Oklahoma City Thunder
34%
2011/12 Serge Ibaka Oklahoma City Thunder
34%
2024/25 Dyson Daniels Atlanta Hawks
32%
2018/19 Paul George Oklahoma City Thunder
31%
2019/20 Andre Drummond Cleveland Cavaliers
28%
2018/19 Andre Drummond Detroit Pistons
28%
2017/18 Andre Drummond Detroit Pistons
28%
2015/16 Andre Drummond Detroit Pistons
28%
2000/01 Dikembe Mutombo Philadelphia 76ers
26%
2016/17 Hassan Whiteside Miami Heat
20%
2019/20 Hassan Whiteside Portland Trail Blazers
20%
2015/16 Hassan Whiteside Miami Heat
20%
2021/22 Dejounte Murray San Antonio Spurs
14%
2001/02 Andre Miller Cleveland Cavaliers
11%
2017/18 Victor Oladipo Indiana Pacers
11%
2010/11 Andrew Bogut Milwaukee Bucks
9%
2019/20 Ben Simmons Philadelphia 76ers
9%
2007/08 Marcus Camby Denver Nuggets
6%
2006/07 Marcus Camby Denver Nuggets
6%
2005/06 Marcus Camby Denver Nuggets
6%
2022/23 OG Anunoby Toronto Raptors
3%
2004/05 Andrei Kirilenko Utah Jazz
2%
2003/04 Theo Ratliff Portland Trail Blazers
2%
2002/03 Theo Ratliff Atlanta Hawks
2%
2000/01 Theo Ratliff Philadelphia 76ers
2%
2004/05 Larry Hughes Washington Wizards
0%
Keine übereinstimmenden Quizze gefunden
Verteilung der Resultate
Anzahl Personen mit jedem Resultat
Perzentil nach korrekt beantworteten Fragen
Ihre Resultats-Entwicklung
Sie haben dieses Quiz seit der letzten Aktualisierung nicht gespielt